Autoedición con pagemaker 5.0 para windows a su alcance

محفوظ في:
التفاصيل البيبلوغرافية
المؤلف الرئيسي: García Bengoa, José Luis (مؤلف)
التنسيق: كتاب
اللغة:الإسبانية
منشور في: Madrid McGraw Hill 1995
سلاسل:Colección Area de Informática y Computación
الموضوعات:
الوسوم: إضافة وسم
لا توجد وسوم, كن أول من يضع وسما على هذه التسجيلة!

MARC

LEADER 00000nam a2200000 a 4500
001 UCP5885
003 CL-VaPUC
008 991001e19950000SP |||||||||||||||||spa|d
082 0 4 |a 005.13  |b GAR  |2 21 
100 0 |a García Bengoa, José Luis  |e author  |9 434516 
245 1 0 |a Autoedición con pagemaker 5.0 para windows a su alcance 
300 |a 440 p 
942 |c BK 
945 |d 19991001 00:00:00  |a rbrito 
260 |a Madrid  |b McGraw Hill  |c 1995 
650 7 |a PROGRAMA PARA COMPUTADORES  |2 CL-VaPUC  |9 434517 
650 7 |a PAGEMAKER  |2 CL-VaPUC  |9 434518 
650 0 |a Windows  |9 324619 
650 0 |a Informática   |9 260044 
583 |a last modification  |c 19991001 00:00:00  |k Rodrigo Vera 
490 0 |a Colección Area de Informática y Computación 
999 |c 283524  |d 283522 
952 |0 0  |1 0  |4 0  |6 005_130000000000000_GAR_1995  |7 0  |8 A  |9 326771  |a BIBHIS  |b BIBHIS  |d 2019-11-20  |i 3555747  |o 005.13 GAR 1995  |p 3555747  |r 2025-01-20  |w 2019-11-20  |y BK  |k HIS